Visualizzazione normale
Vista MARC
- Balladore Francesca
di Personal Name
Records bibliografici associati: 1
001 - CONTROL NUMBER
- control field: 59936
003 - CONTROL NUMBER IDENTIFIER
- control field:
005 - DATE AND TIME OF LATEST TRANSACTION
- control field: 20230420142836.0
008 - FIXED-LENGTH DATA ELEMENTS
- fixed length control field: 230420|| aca||aabn | a|a d
040 ## - CATALOGING SOURCE
- Original cataloging agency:
- Transcribing agency:
100 ## - HEADING--PERSONAL NAME
- Personal name: Balladore Francesca
670 ## - SOURCE DATA FOUND
- Source citation: Work cat.: ()359686: Balladore Francesca, Giulia., 2023